01715nam a2200229Ia 4500001081000000002005000810008003700860010001100897530002200908583002600930650006900956650007901025650006301104650005901167650002901226650003401255700005201289700005401341700005101395942002001446999001901466IA_Based on the methodology proposed composed of a mixed research (documentary and field) adapted for the productive area of mango, the following results were obtained: to implement this project requires an investment in fixed assets and deferred of 6,790,249.00 and an initial working capital of 764,816.00, these investments can be covered by resources of the partners (12.8%), by the Delegation SAGARPA (69.4%) and Financiera Nacional (17.8%). Under these conditions it was determined that the project is economically viable with a NPV of 5,883,626.01 and an IRR of 122.93% and, calculated with an update factor of 20%. Likewise, a B / C ratio of 1.13 was calculated. It is concluded that with the formal organization of the partner producers and the use of technologies that allow the increase of prodESTUDIO DE FACTIBILIDAD TECNICO-ECONOMICO PARA EL220117s xx 000 0 und d a187877 aDisponible en PDF a1 ej. Imp. ; 2 ej. CD 0aEntrepreneurshipzMexicozGuerrerozAyutla de los Libres9163513 0aIniciativa empresarialzMéxicozGuerrerozAyutla de los Libres 9163514 0aMangifera indicaxIndustria y comerciozMéxico 9163515 0aMangifera indicaxIndustry and tradezMexico 9163516 aPacking houses 9148403 aPlantas empacadoras 9148404 aAltamirano Cárdenas, J. Reyes, asesor9163676 aCovarrubias Gutiérrez, Ignacio, asesor 9163806 aVelázquez Castillo, Alejandra, dir. 9155070 cTESIS C376 2018 c187877d187877